000 00707nam a22001817a 4500
003 BD-DhUL
005 20161018142604.0
008 161018b xxu||||| |||| 00| 0 eng d
040 _cBD-DhUL
082 _a891.24
_bMAD
100 _aপাল, নিমাইচন্দ্র
245 _aমদনমোহন তর্কালঙ্কার গ্রন্থাবলী /
_cপাল, নিমাইচন্দ্র
260 _aকলিকাতা :
_bশ্রীবলরাম,
_c১৯৮০.
300 _a৫১২ পৃ. ;
_c২০ সেমি.
650 _aইতিহাস
_xHistory
700 _aসত্যব্রত ভঞ্জ চৌধুরী
942 _2ddc
_cBK
999 _c110859
_d110859